[Event "Challenge"]
[Site "http://www.queenalice.com/game.php?id=344975"]
[Date "2008.1.29"]
[Round "-"]
[White "luongo_00001"]
[Black "lilars"]
[Result "0-1"]
[WhiteElo "1593"]
[BlackElo "1219"]

1. e4 e5 2. Nf3 Nc6 3. Bb5 Qf6 4. Bxc6 Qxc6 5. Nc3 d6 6. O-O f5 7. d3 Nf6 8. Bg5
fxe4 9. Bxf6 exf3 10. gxf3 gxf6 11. Qe2 Bh3 12. Rfe1 Rg8+ 13. Kh1 Bg2+ 0-1

[Event "AUTO-BEG-170"]
[Site "http://www.queenalice.com/game.php?id=358720"]
[Date "2008.2.22"]
[Round "2"]
[White "lilars"]
[Black "patoche"]
[Result "1-0"]
[WhiteElo "1305"]
[BlackElo "2122"]

1. e4 Nc6 2. d4 d5 3. exd5 Qxd5 4. Be3 e5 5. Nc3 Bb4 6. dxe5 Bxc3+ 7. bxc3 Qxe5
8. Nf3 Qxc3+ 9. Bd2 Qf6 10. Bg5 Qe6+ 11. Be2 Nge7 12. O-O O-O 13. Bd3 h6 14. Re1
Qd6 15. Bxe7 Nxe7 16. Rb1 b6 17. Be4 Rb8 18. Qxd6 cxd6 19. Rbd1 d5 20. Bd3 Nf5
21. Re5 g6 22. Rde1 Be6 23. h4 Ng7 24. Nd4 Rfe8 25. Bb5 Rf8 26. g3 Rbc8 27. Bd3
Rfe8 28. Bb5 Re7 29. Rxd5 Bxd5 30. Rxe7 Ne6 31. Bd7 Kf8 32. Rxe6 Bxe6 33. Nxe6+
1-0

[Event "AUTO-BEG-170"]
[Site "http://www.queenalice.com/game.php?id=358721"]
[Date "2008.2.22"]
[Round "2"]
[White "patoche"]
[Black "lilars"]
[Result "0-1"]
[WhiteElo "2122"]
[BlackElo "1305"]

1. e4 e5 2. Bc4 d6 3. Nc3 Be7 4. d3 Nf6 5. f4 Be6 6. Bb3 O-O 7. Nf3 Nc6 8. Nd5
Bg4 9. c3 Nxd5 10. exd5 Na5 11. Bc2 Bh4+ 12. g3 Bf6 13. O-O c5 14. fxe5 dxe5 15.
c4 e4 16. dxe4 Nxc4 17. Qd3 Ne5 18. Nxe5 Bxe5 19. Bf4 Bxb2 20. Rab1 Bd4+ 21. Be3
Bxe3+ 22. Qxe3 b6 23. e5 Qxd5 24. Be4 Qd7 25. Bxa8 Rxa8 26. Qe4 Rd8 27. Rf4 Be6
28. a4 c4 29. Qc2 h6 0-1

[Event "AUTO-OPEN-1125"]
[Site "http://www.queenalice.com/game.php?id=400058"]
[Date "2008.5.8"]
[Round "1"]
[White "REUSKING"]
[Black "lilars"]
[Result "1/2-1/2"]
[WhiteElo "1869"]
[BlackElo "1387"]

1. e4 e5 2. Nf3 Nc6 3. d4 exd4 4. Nxd4 Nf6 5. Nxc6 bxc6 6. Bd3 Bd6 7. O-O O-O 8.
Bg5 Re8 9. Nd2 Be5 10. Nc4 Qe7 11. Nxe5 Qxe5 12. Bxf6 Qxf6 13. c3 d5 14. exd5
cxd5 15. Qc2 g6 16. Rfe1 Be6 17. f3 Rab8 18. b3 d4 19. c4 c5 20. Re2 Rb6 21.
Rae1 Rc6 22. Be4 Rd6 23. Bd3 Re7 24. Qd2 Ra6 25. Be4 Bf5 26. Bxf5 Rxe2 27. Qxe2
Qxf5 28. a4 Rb6 29. Qb2 Qd3 30. Rb1 a5 31. h3 Qc3 32. Kh1 Qxb2 33. Rxb2 d3 34.
Kg1 d2 35. Rxd2 Rxb3 36. Rd5 Rb4 37. Rxc5 Rxa4 38. Rc8+ Kg7 39. c5 Rc4 40. c6 a4
41. c7 Kf6 42. Ra8 Rxc7 43. Rxa4 h5 1/2-1/2

[Event "AUTO-OPEN-1125"]
[Site "http://www.queenalice.com/game.php?id=400059"]
[Date "2008.5.8"]
[Round "1"]
[White "lilars"]
[Black "REUSKING"]
[Result "1-0"]
[WhiteElo "1335"]
[BlackElo "1966"]

1. c4 e5 2. Nc3 Nf6 3. d3 d5 4. cxd5 Nxd5 5. e4 Nb6 6. Be3 Bb4 7. a3 Bxc3+ 8.
bxc3 O-O 9. Nf3 Nc6 10. a4 Nd7 11. Qb3 Nf6 12. Qb2 b6 13. d4 exd4 14. cxd4 Nxe4
15. Bd3 Nf6 16. Bg5 Re8+ 17. Be3 Ng4 18. Qd2 Nxe3 19. fxe3 Nxd4 20. Nxd4 Bb7 21.
O-O Qd5 22. Rac1 c5 23. Bc4 1-0

[Event "AUTO-OPEN-1125"]
[Site "http://www.queenalice.com/game.php?id=400080"]
[Date "2008.5.8"]
[Round "1"]
[White "lilars"]
[Black "Montealto"]
[Result "1-0"]
[WhiteElo "1446"]
[BlackElo "1691"]

1. c4 e5 2. b3 f5 3. Bb2 Nc6 4. g3 d5 5. cxd5 Qxd5 6. Nf3 Bc5 7. Nc3 Qf7 8. e3
Be6 9. Nxe5 Nxe5 10. d4 Bd5 11. Nxd5 Qxd5 12. dxc5 Qxh1 13. Bxe5 Rd8 14. Qc2 Nf6
15. Bxc7 Rd7 16. Bd6 Ne4 17. O-O-O Qxh2 18. Bb5 Qxf2 19. Qxf2 Nxf2 20. Rf1 Ne4
21. Rxf5 Nxd6 22. cxd6 Kd8 23. Bxd7 Kxd7 24. Rd5 Re8 25. Kd2 a5 26. Kd3 b6 27.
e4 g5 28. a4 g4 29. e5 h5 30. Ke4 Rf8 31. Rd2 Rf3 32. Rh2 Rxb3 33. Rxh5 Rxg3 34.
Kd5 Rd3+ 35. Ke4 Rh3 36. Rxh3 gxh3 37. Kf3 Ke6 38. Kg3 Kd7 39. Kxh3 Kc6 40. Kg4
b5 41. axb5+ Kd7 42. b6 Kc6 43. e6 a4 44. e7 1-0

[Event "AUTO-OPEN-1125"]
[Site "http://www.queenalice.com/game.php?id=400081"]
[Date "2008.5.8"]
[Round "1"]
[White "Montealto"]
[Black "lilars"]
[Result "1/2-1/2"]
[WhiteElo "1626"]
[BlackElo "1472"]

1. e4 c5 2. Bc4 e6 3. Nf3 Nc6 4. Nc3 b6 5. d3 Nge7 6. O-O a6 7. Bf4 Nd4 8. a3
Ng6 9. b4 Nxf4 10. b5 Bd6 11. e5 Bb7 12. exd6 Qf6 13. Nxd4 cxd4 14. Ne4 Bxe4 15.
dxe4 axb5 16. Bxb5 Qg6 17. g3 Nh3+ 18. Kg2 Ng5 19. e5 Ra5 20. Bd3 Qh6 21. Qg4
Rxe5 22. c4 O-O 23. h4 f5 24. Qxg5 Qxg5 25. hxg5 f4 26. Rab1 Rxg5 27. Rxb6 h5
28. Kh3 Ra5 29. Ra1 fxg3 30. fxg3 Rf3 31. Rb8+ Kf7 32. Be2 Rfxa3 33. Rxa3 Rxa3
34. Bxh5+ g6 35. Bg4 Ra6 36. c5 Rc6 37. Rd8 Rxc5 38. Rxd7+ Kf6 39. Rc7 Rd5 40.
d7 Ke7 41. Bf3 Rxd7 42. Rxd7+ Kxd7 43. Kh4 Kd6 44. Be2 Ke5 45. Kg5 Ke4 46. Kxg6
d3 47. Bd1 e5 48. Kg5 Ke3 49. Kf5 e4 50. g4 Kd4 51. g5 e3 52. g6 e2 53. Bxe2
dxe2 54. g7 e1=Q 55. g8=Q Qe4+ 56. Kf6 Qf3+ 57. Kg7 Qg4+ 58. Kf7 Qxg8+ 59. Kxg8
Ke5 1/2-1/2

[Event "AUTO-OPEN-1125"]
[Site "http://www.queenalice.com/game.php?id=400082"]
[Date "2008.5.8"]
[Round "1"]
[White "lilars"]
[Black "Claudio_C_A"]
[Result "1-0"]
[WhiteElo "1365"]
[BlackElo "1507"]

1. e4 d5 2. exd5 Qxd5 3. Nc3 Qc5 4. d4 Qd6 5. Nf3 c6 6. g3 Nf6 7. Bf4 c5 8. Bxd6
exd6 9. Qe2+ Be7 10. Nb5 Kd7 11. Bh3+ Kd8 12. Ng5 Rf8 13. Bxc8 Kxc8 14. Qxe7
Nbd7 15. Qxd6 Ne8 16. Qe7 Nef6 17. O-O-O a6 18. Nd6+ Kb8 19. Nge4 Nxe4 20. Qxd7
Nxd6 21. Qxd6+ Ka7 22. Qxc5+ Kb8 23. Qxf8+ Ka7 24. Qc5+ b6 25. Qc7# 1-0

[Event "AUTO-OPEN-1125"]
[Site "http://www.queenalice.com/game.php?id=400083"]
[Date "2008.5.8"]
[Round "1"]
[White "Claudio_C_A"]
[Black "lilars"]
[Result "0-1"]
[WhiteElo "1457"]
[BlackElo "1429"]

1. d4 d5 2. Nf3 c5 3. dxc5 e6 4. e3 Nc6 5. b4 Nxb4 6. a3 Nc6 7. Bb2 Bxc5 8. Bxg7
f5 9. Bxh8 Nf6 10. Bb5 Bd7 11. Ng5 Qe7 12. h4 O-O-O 13. Bxf6 Qxf6 14. Ra2 h6 15.
Nf3 f4 16. O-O e5 17. Qxd5 Bh3 18. Qxc5 Rg8 19. Ne1 Bxg2 20. Nxg2 Qg6 21. Qd5 a6
22. Be2 e4 23. Bf3 exf3 24. Qxf3 Ne5 25. Qh3+ Ng4 26. Nxf4 Qf5 27. Ng2 Kb8 28.
Qg3+ Ka8 29. Nf4 Qf7 30. Rb2 Nxe3 31. Re1 Rxg3+ 32. fxg3 Qg7 33. Rxe3 Qxb2 34.
Nd2 Qc1+ 35. Nf1 Qxc2 36. Nh2 Qc5 37. Kf2 Qc2+ 38. Re2 Qc5+ 39. Kg2 Qxa3 40. g4
Qd6 41. Re6 Qxf4 42. Rg6 Qe4+ 43. Nf3 Qxg6 44. Kg3 b5 45. Ne5 Qg7 46. Nf3 h5 47.
g5 Qc7+ 48. Kf2 b4 49. Nd2 Qb6+ 50. Kf3 Qg1 51. Ne4 Qh1+ 52. Kf4 Qxh4+ 53. Ke5
b3 54. g6 Qg4 55. Kf6 Qxe4 56. g7 Qe8 57. Kg5 Qg8 58. Kg6 h4 59. Kg5 Qxg7+ 60.
Kxh4 b2 61. Kh3 b1=Q 62. Kh2 Qbh7# 0-1

[Event "AUTO-OPEN-1125"]
[Site "http://www.queenalice.com/game.php?id=478451"]
[Date "2008.10.17"]
[Round "2"]
[White "koshnarek"]
[Black "lilars"]
[Result "0-1"]
[WhiteElo "1591"]
[BlackElo "1509"]

1. e4 c6 2. d4 d5 3. e5 f6 4. Nf3 Qc7 5. Bd3 Bg4 6. Bf4 Nd7 7. g3 Bxf3 8. Qxf3
Qb6 9. b3 Qxd4 10. O-O Qxa1 11. c3 Qxa2 12. b4 a5 13. e6 Ne5 14. Bxe5 fxe5 15.
Qf7+ Kd8 16. Qxf8+ Kc7 17. Qxa8 e4 18. Qxa5+ Qxa5 19. bxa5 exd3 20. Rd1 Kd6 21.
Re1 c5 22. f4 Nf6 23. h3 Ne4 24. Kg2 d2 25. Rd1 Kxe6 26. Nxd2 Nxc3 27. Re1+ Kd6
28. Nf3 d4 29. Ne5 Ra8 30. Ra1 b6 31. a6 h6 32. Nc4+ Kc6 33. Kf3 Kb5 34. Ne5
Rxa6 35. Re1 Ra3 36. Kg4 c4 37. h4 d3 38. Nf3 Ne2 39. Kf5 Nxg3+ 40. Kg6 c3 41.
Kxg7 h5 42. Nd4+ Kc4 43. Nc6 c2 44. Ne5+ Kc3 45. Nxd3 Kxd3 46. Rxe7 c1=Q 47. Rf7
Qc3+ 48. Kg6 Qc6+ 49. Kg5 Qd5+ 50. Kg6 b5 51. Rf8 Ra6+ 52. Kg7 Ra7+ 53. Kf6 Ra6+
54. Kg7 Nf5+ 55. Kh7 Qd7+ 56. Kg8 Qg7# 0-1

[Event "AUTO-OPEN-1125"]
[Site "http://www.queenalice.com/game.php?id=478452"]
[Date "2008.10.17"]
[Round "2"]
[White "lilars"]
[Black "koshnarek"]
[Result "1-0"]
[WhiteElo "1488"]
[BlackElo "1625"]

1. d4 b6 2. e4 Bb7 3. f3 d5 4. e5 e6 5. Bb5+ c6 6. Bd3 f5 7. exf6 Qxf6 8. Ne2
Bd6 9. Be3 c5 10. Qd2 c4 11. Nbc3 cxd3 12. Qxd3 Bc6 13. O-O-O a6 14. Ng3 g6 15.
b3 Ne7 16. Kb1 Nf5 17. Nxf5 exf5 18. f4 Nd7 19. Rhe1 O-O 20. g3 h5 21. h3 Ba3
22. g4 hxg4 23. hxg4 fxg4 24. Rh1 Qf5 25. Rh6 Kg7 26. Rdh1 g3 27. Ne2 g2 28.
R1h2 Qe4 29. f5 gxf5 30. Rxc6 Rf6 31. Ng3 Qf3 32. Bh6+ Rxh6 33. Nxf5+ Qxf5 34.
Rxg2+ Rg6 35. Rgxg6+ Qxg6 36. Qxg6+ Kf8 37. Re6 Rd8 38. Qf5+ Kg7 39. Rg6+ Kh7
40. Qh5# 1-0

[Event "AUTO-OPEN-1125"]
[Site "http://www.queenalice.com/game.php?id=478455"]
[Date "2008.10.17"]
[Round "2"]
[White "SGF"]
[Black "lilars"]
[Result "1-0"]
[WhiteElo "1622"]
[BlackElo "1478"]

1. e4 c5 2. Qh5 Nf6 3. Qf3 Nc6 4. c3 b6 5. Bc4 Ne5 6. Qe2 Nxc4 7. Qxc4 d5 8.
exd5 Nxd5 9. Ne2 Be6 10. Qb5+ Bd7 11. Qc4 Bc6 12. d4 e6 13. dxc5 Bxc5 14. b4
Bxf2+ 15. Kxf2 Qf6+ 16. Ke1 Rc8 17. Qa6 Rc7 18. Rf1 Qe5 19. Bf4 Nxf4 20. Rxf4
Bxg2 21. Qa4+ Bc6 22. b5 Bxb5 23. Qe4 Qxe4 24. Rxe4 O-O 25. Na3 Bxe2 26. Rxe2
Rxc3 27. Nb5 Rc5 28. a4 a6 29. Nd6 Rd5 30. Rd1 Rd8 31. Rxd5 exd5 32. h4 Rxd6 33.
Re8# 1-0

[Event "AUTO-OPEN-1125"]
[Site "http://www.queenalice.com/game.php?id=478456"]
[Date "2008.10.17"]
[Round "2"]
[White "lilars"]
[Black "SGF"]
[Result "1-0"]
[WhiteElo "1468"]
[BlackElo "1623"]

1. e4 e5 2. f4 exf4 3. Nf3 f6 4. Bc4 Bc5 5. d4 Qe7 6. dxc5 Qxe4+ 7. Be2 Na6 8.
Nc3 Qg6 9. Nd5 Qxg2 10. Rg1 Qh3 11. Nxf4 Qf5 12. Nd4 Qxc5 13. Rxg7 Kf8 14. Rxd7
Bxd7 15. Nde6+ Bxe6 16. Nxe6+ Kf7 17. Nxc5 Nxc5 18. Qd5+ Ne6 19. Qxb7 Ne7 20.
Bc4 Rhg8 21. Be3 Rgb8 22. Qxc7 Rxb2 23. Bd4 Rxc2 24. Qf4 Rxc4 25. Qxf6+ Ke8 26.
Rd1 Nxd4 27. Rxd4 Rxd4 28. Qxd4 a5 29. Qh8+ Kf7 30. Qxa8 Nf5 31. Qxa5 Kg6 32.
Qxf5+ Kxf5 33. a4 Ke6 34. h4 Kd6 35. Kf2 Kc5 36. Kg3 Kb4 37. h5 Kxa4 38. Kf4 Kb5
39. Kg5 Kc6 40. Kh6 Kd6 41. Kxh7 Ke6 42. Kg7 Kf5 43. h6 Kg5 44. h7 Kf5 45. h8=Q
Kg5 46. Qf8 Kg4 47. Qf2 Kg5 48. Kf7 Kg4 49. Kf6 Kh3 50. Qg1 Kh4 51. Qg2 Kh5 52.
Qg5# 1-0

[Event "AUTO-OPEN-1125"]
[Site "http://www.queenalice.com/game.php?id=535986"]
[Date "2009.2.6"]
[Round "3"]
[White "Harir"]
[Black "lilars"]
[Result "1-0"]
[WhiteElo "2189"]
[BlackElo "1588"]

1. e4 e5 2. Nf3 Nc6 3. Bc4 Bc5 4. O-O Nf6 5. Nc3 O-O 6. d3 a6 7. Bg5 Nd4 8. Nxd4
exd4 9. Nd5 Be7 10. Nxe7+ Qxe7 11. Qf3 d6 12. c3 dxc3 13. bxc3 b5 14. Bd5 Ra7
15. c4 Qe5 16. Bxf7+ Rxf7 17. Bf4 Qh5 18. Qxh5 Nxh5 19. Be3 Nf4 20. Bxa7 Nxd3
21. cxb5 axb5 22. a4 Ba6 23. Be3 bxa4 24. Rxa4 Nc5 25. Bxc5 Bxf1 26. Ra8+ Rf8
27. Rxf8+ Kxf8 28. Bxd6+ cxd6 29. Kxf1 Ke7 30. Ke2 Ke6 31. Ke3 d5 32. exd5+ Kxd5
33. Kf4 Ke6 34. Kg5 Kf7 35. Kf5 Ke7 36. h4 Kf7 37. h5 Ke7 38. f3 Kf7 39. f4 g6+
40. hxg6+ hxg6+ 41. Kg5 Kg7 42. g3 Kf7 43. Kh6 Kf6 44. g4 Kf7 45. g5 1-0

[Event "AUTO-OPEN-1125"]
[Site "http://www.queenalice.com/game.php?id=535987"]
[Date "2009.2.6"]
[Round "3"]
[White "lilars"]
[Black "Harir"]
[Result "1-0"]
[WhiteElo "1558"]
[BlackElo "2211"]

1. d4 d5 2. c4 Nf6 3. cxd5 Qxd5 4. Nc3 Qa5 5. Bd2 Nc6 6. Nf3 Qf5 7. h3 h5 8. e3
Bd7 9. Nb5 O-O-O 10. a4 Kb8 11. b4 Nd5 12. Qb3 Be6 13. Bc4 Qg6 14. Rg1 h4 15.
Na3 Rd6 16. b5 Nd8 17. Ne5 Qh5 18. a5 f6 19. Nc6+ Rxc6 20. bxc6 Nxc6 21. a6 b6
22. Nc2 Qf5 23. Qb5 Nd8 24. Bd3 Qg5 25. e4 Nf4 26. Nb4 Nxg2+ 27. Rxg2 Qxg2 28.
Qe8 Qh1+ 29. Ke2 Qxh3 30. Nc6+ Ka8 31. Qxd8+ Bc8 32. Qxc7 Qg4+ 33. Ke1 Qg1+ 34.
Bf1 Qxf1+ 35. Kxf1 1-0